000 00708cam a2200217 a 4500
001 000014965
005 20200929163930.0
008 800802|1972 ve 000 0 spa
040 _aDO-SdBNP
_cDLC
_dDLC
082 _a861.3
_bC348a
100 1 _aCastellanos, Juan de,
_d1522-1607.
_916893
245 1 0 _aAventuras de varios ilustres varones /
_cJuan de Castellanos.
260 _aCaracas, Venezuela :
_bMonte Ávila Editores,
_c1972.
300 _a292 p. ;
_c16 cm.
490 1 _aBiblioteca popular eldorado
_v75
650 4 _aPoesía española
_9631
650 4 _aLiteratura cubana
_91483
830 0 _aBiblioteca popular eldorado ;
_v75
_916894
910 _aCatalogación por copia / LC
049 _aBNGR
999 _c14540
_d14540